Responses for Show #3469 - Thursday, October 7, 1999

Contestants

[<< previous game]

Cathy Nieng, a student from Chicago, Illinois

Pat Tortorello, a corrections officer from Belleville, New Jersey

Leslie Quickley, a sous chef from New York City, New York (whose 3-day cash winnings total $31,003)

[next game >>]

Jeopardy! Round responses

WORLD CAPITALS
POWER SOURCES
GUINNESS RECORDS
THE GOOD LIFE
TV's COMIC BOOK HEROES
(Alex: We'll give you the actor, you give us the hero)
LEAPIN' LIZARDS!
    $100 6
(L: What is Gdansk?)

Warsaw

LesliePat
    $100 30
Moon

Pat
    $100 9
Paper clips

Pat
    $100 21
Silver spoon

Leslie
    $100 14
Batman

Pat
    $100 29
Chameleon

Leslie
    $200 7
Copenhagen

Leslie
    $200 27
Solar energy

Leslie
    $200 10
Africa

Cathy
    $200 23
Hog/pig heaven

Leslie
    $200 15
Superman

Pat
    $200 28
Horned toad

Leslie
    $300 4
Dublin

Leslie
    $300 26
Floss River ("The Mill on the Floss")

Triple Stumper
    $300 11
Legs

Pat
    $300 19
Roses

Leslie
    $300 16
Wonder Woman

Pat
    $300 1
Gila monster

Leslie
    $400 5
Port-au-Prince

Pat
    $400 24
Weights

Pat
    $400 12
Elvis Presley

Pat
    $400 20
Lap

Pat
    $400 17
The Incredible Hulk

Leslie
    $400 2
Komodo dragon

Leslie
    $500 8
Rabat

Pat
    $500 25
Thomas Edison

Triple Stumper
    $1,000 13
Whales

Pat
    $500 22
Gravy train

Pat
    $500 18
Buck Rogers

Triple Stumper
    $500 3
Galapagos Islands

Triple Stumper

Scores at the first commercial break (after clue 15):

Leslie Pat Cathy
$1,100 $3,100 $200

Scores at the end of the Jeopardy! Round:

Leslie Pat Cathy
$2,600 $4,800 $200

Double Jeopardy! Round responses

THE BODY HUMAN
FILM FACTS
THE VIKINGS
LITERARY CROSSWORD CLUES "T"
SAINTS
SINNERS
    $200 4
the ear

Pat
    $200 30
Mary Poppins

Cathy
    $200 7
mead

Cathy
    $200 29
Tiny

Cathy
    $200 1
Saint Francis

Leslie
    $200 12
Charles "Lucky" Luciano

Leslie
    $400 5
the thyroid gland

Pat
    $400 26
Jeanette MacDonald

Leslie
    $400 28
Thor

Pat
    $400 16
Tess

Pat
    $400 8
Saint Louis

Triple Stumper
    $400 17
"Shoeless" Joe Jackson

Pat
    $600 2
(Leslie: What are pores?)

follicles

LeslieCathy
    $600 25
(Leslie: Who is Catherine?)
(Cathy: Who is Anastasia?)
...
(Alex: We have a minute to go, Leslie...)

Alexandra

LeslieCathy
Triple Stumper
    $600 27
runes

Leslie
    $600 13
Thoreau

Leslie
    $600 9
(Leslie: What is Denmark?)

Scotland

Leslie
Triple Stumper
    $600 18
Charles Manson

Pat
    $800 3
the esophagus

Pat
    $800 23
(Pat: Who is Catherine Bach?)

Barbara Bach

LesliePat
    $1,000 21
(Leslie: What is Saxony?)

Normandy

Leslie
    $800 14
Thompson

Triple Stumper
    $800 10
Saint Anthony

Triple Stumper
    $800 19
the SLA (Symbionese Liberation Army)

Leslie
    $3,000 6
(2 of) the clavicle, the humerus, & the scapula

Pat
    $1000 24
(Alex: Filmed not too far from here.)

Waterloo Bridge

Triple Stumper
    $1000 22
Isle of Man

Triple Stumper
    $1000 15
Tin

Cathy
    $1000 11
Saint Jerome

Triple Stumper
    $1000 20
Montana Freemen

Triple Stumper

Scores at the end of the Double Jeopardy! Round:

Leslie Pat Cathy
$3,400 $10,200 $1,800
(lock game)

[wagering suggestions for these scores]

Final Jeopardy! Round responses

FAMOUS BALLETS
(Alex: Cathy, we couldn't accept your response; it's singular, not plural.)
CathyWhat is The Firebirds?
$800
LeslieWhat is Firebird?
$400
PatWhat is No Clue Alex?
$0
The Firebird

Final scores:

Leslie Pat Cathy
$3,800 $10,200 $1,000
2nd place: Trip to Half Moon Beach Club, Montego Bay, Jamaica New champion: $10,200 3rd place: Yamaha Clavinova Digital Piano

Game dynamics:

Coryat scores:

Leslie Pat Cathy
$4,400 $7,700 $1,800
18 R,
5 W
(including 1 DD)
22 R
(including 2 DDs),
1 W
6 R,
1 W

Combined Coryat: $13,900

[game clues] [game scores] [suggest correction]

Game tape date: 1999-07-27
The J! Archive is created by fans, for fans. Scraping, republication, monetization, and malicious use prohibited; this site may use cookies and collect identifying information. See terms. The Jeopardy! game show and all elements thereof, including but not limited to copyright and trademark thereto, are the property of Jeopardy Productions, Inc. and are protected under law. This website is not affiliated with, sponsored by, or operated by Jeopardy Productions, Inc. Join the discussion at JBoard.tv.